000 00891nam a22002777i 4500
003 EG-GICUC
005 20260416125044.0
008 260416s1990 -usad||fr ||| 000 0 eng d
040 _aEG-GiCUC
_beng
_cEG-GiCUC
_dEG-GiCUC
_erda
041 1 _aeng
082 0 4 _221
_a341.48
_bCE . A
092 0 4 _221
099 _aLaw1 11 341.48 CE . A 1990
110 _aCentre for Human Rights
_cGeneva
_eAuthor.
245 1 4 _aThe African Charter On Human And Peoples' Rights /
_cCentre for Human Rights.
264 1 _aNew York :
_bUnited Nations,
_c1990.
300 _a51 pages :
_billustrations,
_c22 cm.
336 _2rda content
_atext
337 _2rda media
_aComputer
338 _2rda carrier
_aOnline Resource
546 _aText in English
650 1 4 _aPublic international law
856 4 0 _uhttps://fll.law.cu.edu.eg/fulltext/bks/B11-10022.pdf
905 _a48
942 _2ddc
_cBK
_e21
_n0
999 _c71419
_d71419